<?xml version="1.0" encoding="UTF-8"?>
<record
    xmlns:xsi="http://www.w3.org/2001/XMLSchema-instance"
    xsi:schemaLocation="http://www.loc.gov/MARC21/slim http://www.loc.gov/standards/marcxml/schema/MARC21slim.xsd"
    xmlns="http://www.loc.gov/MARC21/slim">

  <leader>01034cam a2200229 a 4500</leader>
  <datafield tag="999" ind1=" " ind2=" ">
    <subfield code="c">58138</subfield>
    <subfield code="d">58138</subfield>
  </datafield>
  <controlfield tag="001">17457145</controlfield>
  <controlfield tag="005">20210625131038.0</controlfield>
  <controlfield tag="008">120910s2013    enka     b    001 0 eng  </controlfield>
  <datafield tag="020" ind1=" " ind2=" ">
    <subfield code="a">9780199838554</subfield>
  </datafield>
  <datafield tag="041" ind1=" " ind2=" ">
    <subfield code="a">eng</subfield>
  </datafield>
  <datafield tag="080" ind1=" " ind2=" ">
    <subfield code="a">376.33 E-12</subfield>
  </datafield>
  <datafield tag="100" ind1="1" ind2=" ">
    <subfield code="a">Easterbrooks, Susan R.</subfield>
    <subfield code="9">12130</subfield>
  </datafield>
  <datafield tag="245" ind1="1" ind2="0">
    <subfield code="a">Literacy instruction for students who are deaf and hard of hearing /</subfield>
    <subfield code="c">Susan R. Easterbrooks and Jennifer Beal-Alvarez.</subfield>
  </datafield>
  <datafield tag="264" ind1=" " ind2=" ">
    <subfield code="a">New York :</subfield>
    <subfield code="b">Oxford University Press,</subfield>
    <subfield code="c">2013.</subfield>
  </datafield>
  <datafield tag="300" ind1=" " ind2=" ">
    <subfield code="a">280 p. :</subfield>
    <subfield code="b">ill. ;</subfield>
    <subfield code="c">24 cm.</subfield>
  </datafield>
  <datafield tag="653" ind1=" " ind2=" ">
    <subfield code="a">&#x10E1;&#x10DB;&#x10D4;&#x10DC;&#x10D0;&#x10D3;&#x10D0;&#x10E5;&#x10D5;&#x10D4;&#x10D8;&#x10D7;&#x10D4;&#x10D1;&#x10E3;&#x10DA;&#x10D8;</subfield>
  </datafield>
  <datafield tag="653" ind1=" " ind2=" ">
    <subfield code="a">&#x421;&#x43B;&#x430;&#x431;&#x43E;&#x441;&#x43B;&#x44B;&#x448;&#x430;&#x449;&#x438;&#x435;</subfield>
  </datafield>
  <datafield tag="653" ind1=" " ind2=" ">
    <subfield code="a">&#x10EC;&#x10D8;&#x10D2;&#x10DC;&#x10D8;&#x10D4;&#x10E0;&#x10D4;&#x10D1;&#x10D8;&#x10E1; &#x10D8;&#x10DC;&#x10E1;&#x10E2;&#x10E0;&#x10E3;&#x10E5;&#x10EA;&#x10D8;&#x10D0; &#x10E7;&#x10E0;&#x10E3; &#x10D3;&#x10D0; &#x10E1;&#x10DB;&#x10D4;&#x10DC;&#x10D0;&#x10D3;&#x10D0;&#x10E5;&#x10D5;&#x10D4;&#x10D8;&#x10D7;&#x10D4;&#x10D1;&#x10E3;&#x10DA;&#x10D8; &#x10E1;&#x10E2;&#x10E3;&#x10D3;&#x10D4;&#x10DC;&#x10E2;&#x10D4;&#x10D1;&#x10D8;&#x10E1;&#x10D0;&#x10D7;&#x10D5;&#x10D8;&#x10E1;</subfield>
  </datafield>
  <datafield tag="653" ind1=" " ind2=" ">
    <subfield code="a">&#x41E;&#x431;&#x443;&#x447;&#x435;&#x43D;&#x438;&#x435; &#x433;&#x440;&#x430;&#x43C;&#x43E;&#x442;&#x435; &#x434;&#x43B;&#x44F; &#x433;&#x43B;&#x443;&#x445;&#x438;&#x445; &#x438; &#x441;&#x43B;&#x430;&#x431;&#x43E;&#x441;&#x43B;&#x44B;&#x448;&#x430;&#x449;&#x438;&#x445; &#x443;&#x447;&#x430;&#x449;&#x438;&#x445;&#x441;&#x44F;</subfield>
  </datafield>
  <datafield tag="700" ind1="1" ind2=" ">
    <subfield code="a">Beal-Alvarez, Jennifer.</subfield>
    <subfield code="e">&#x10D0;&#x10D5;&#x10E2;&#x10DD;&#x10E0;&#x10D8;</subfield>
    <subfield code="9">12131</subfield>
  </datafield>
  <datafield tag="942" ind1=" " ind2=" ">
    <subfield code="2">udc</subfield>
    <subfield code="c">BK</subfield>
  </datafield>
  <datafield tag="952" ind1=" " ind2=" ">
    <subfield code="0">0</subfield>
    <subfield code="1">0</subfield>
    <subfield code="2">udc</subfield>
    <subfield code="4">0</subfield>
    <subfield code="6">37633_E12</subfield>
    <subfield code="7">0</subfield>
    <subfield code="9">90445</subfield>
    <subfield code="a">CPL</subfield>
    <subfield code="b">CPL</subfield>
    <subfield code="c">GEN</subfield>
    <subfield code="d">2021-06-25</subfield>
    <subfield code="g">158.00</subfield>
    <subfield code="o">376.33 E-12</subfield>
    <subfield code="p">61417</subfield>
    <subfield code="r">2021-06-25</subfield>
    <subfield code="t">61417</subfield>
    <subfield code="w">2021-06-25</subfield>
    <subfield code="y">BK</subfield>
    <subfield code="z">158 &#x10DA;.</subfield>
  </datafield>
</record>
